Least Populous World Capitals - Statistics

General Stats
  • This quiz has been taken 37 times
  • The average score is 12 of 20
Answer Stats
Population Capital City % Correct
764 Vatican City
97%
4,061 San Marino
84%
5,774 Vaduz
78%
747 Yaren
72%
22,219 Andorra La Vella
69%
6,360 Funafuti
66%
0 Ngerulmud
66%
20,000 Castries
63%
6,647 Palikir
59%
22,219 St. John's
59%
27,600 Nuku'alofa
56%
33,734 St. George's
53%
14,000 Basseterre
50%
12,909 Kingstown
50%
14,725 Roseau
50%
5,827 Valletta
50%
27,797 Majuro
44%
26,450 Victoria
44%
20,621 Belmopan
34%
37,074 Port of Spain
31%
No matching quizzes found
Score Distribution
Percent of People with Each Score
Percentile by Number Answered
Your Score History
You have not taken this quiz